000
00291nam a22001337a 4500
008
180104b xxu||||| |||| 00| 0 eng d
020
_a
9780078803109
041
_a
eng
080
_a
371
100
_a
46
101
_a
EDU
245
_a
Exploring Our World
_c
Hunkins, B.A
942
_2
udc
_c
BK
999
_c
39686
_d
39686